000 00161nam a2200085Ia 4500
100 _a#N/A
942 _cBK
245 _aSoftware to empower Business
260 _b#N/A
999 _c25936
_d25936